00852nam a2200229Ia 4500003000400000005001700004008004100021020001800062040001800080041000800098082002100106245005900127250001200186260005300198300002500251650005700276650003100333650004800364942003000412999001900442952016100461OSt20260331112155.0210716s2011 xx 000 0 und d a9781422162644 cAIMIT LIBRARY aeng a374.22 21bHARB aHarvard business review on collaborating effectively / a1st ed. aBoston :bHarvard Business School Press ,c2011. a199p. ;bPBc21.3 cm aWhich kind of collaboration is right for you9259808 aThe execution trap9259809 aSocial intelligence and the biology9259810 2ddccBKe1stk374.22 HARB c206832d206832 00102ddc40708MBAaAIMITbAIMITd2011-10-11g595.00iBillno:1066;Billdt:2011-09-20l0o374.22 HARBpMBA09398r2026-05-23 00:00:00v446.25w2021-07-16yBK